[Event "Ankara Baskent Univ op 6th"]
[Site "Ankara"]
[Date "2023.08.19"]
[Round "7"]
[White "Ozsakallioglu, Okan"]
[Black "Sakmak, Kutay"]
[Result "0-1"]
[WhiteElo "2326"]
[BlackElo "1949"]
[PlyCount "113"]
[EventDate "2023.08.15"]
[EventType "swiss"]
[EventRounds "9"]
[EventCountry "TUR"]
[SourceTitle "CBM 215 Extra"]
[Source "ChessBase"]
[SourceDate "2023.09.30"]
[SourceVersion "1"]
[SourceVersionDate "2023.09.30"]
[SourceQuality "1"]

1. e4 e5 2. Nf3 Nc6 3. Bb5 a6 4. Bxc6 dxc6 5. 0-0 Qd6 6. Na3 Be6 7. b3 f6 8. Bb2 c5 9. c3 g5 10. d4 g4 11. Nh4 cxd4 12. cxd4 exd4 13. Nc4 Bxc4 14. bxc4 Qd7 15. Bxd4 0-0-0 16. Nf5 h5 17. Qc2 Qe6 18. e5 Ne7 19. Nxe7+ Bxe7 20. exf6 Rxd4 21. fxe7 Qxe7 22. Qf5+ Qd7 23. Qe5 Rh7 24. Qc5 Kb8 25. Rae1 Rd6 26. Qg5 Qf7 27. Re4 Rg7 28. Qe3 Rg8 29. c5 Rc6 30. Re5 h4 31. Qb3 Qxb3 32. axb3 h3 33. Rfe1 Rf6 34. g3 Rf3 35. b4 Rgf8 36. Re8+ Rxe8 37. Rxe8+ Ka7 38. Re4 Rc3 39. Kf1 a5 40. Rxg4 axb4 41. Rxb4 Rxc5 42. f4 Rc1+ 43. Kf2 c5 44. Ra4+ Kb6 45. f5 Kc6 46. g4 Kd6 47. Re4 Rc2+ 48. Kf3 Rxh2 49. Re1 Ra2 50. g5 Rg2 51. g6 c4 52. Re6+ Kd5 53. Re7 c3 54. Rxb7 Ke5 55. Rc7 Rg5 56. Rxc3 h2 57. Rc5+ 0-1

[Event "Belgrade Serbia op"]
[Site "Belgrade"]
[Date "2023.07.17"]
[Round "2"]
[White "Sakmak, Kutay"]
[Black "Kostic, Branimir"]
[Result "1-0"]
[WhiteElo "1874"]
[BlackElo "2134"]
[PlyCount "43"]
[EventDate "2023.07.16"]
[EventType "swiss"]
[EventRounds "9"]
[EventCountry "SRB"]
[SourceTitle "CBM 215 Extra"]
[Source "ChessBase"]
[SourceDate "2023.09.30"]
[SourceVersion "1"]
[SourceVersionDate "2023.09.30"]
[SourceQuality "1"]

1. e4 c5 2. Nf3 d6 3. d4 cxd4 4. Nxd4 Nf6 5. Nc3 a6 6. Bg5 Nbd7 7. Bc4 e6 8. 0-0 Be7 9. Bxe6 fxe6 10. Nxe6 Qa5 11. Nxg7+ Kf7 12. Nf5 Re8 13. Nd5 Bf8 14. Qf3 Qd8 15. Rad1 Re6 16. Rfe1 Bg7 17. Qg3 Qf8 18. Nc7 Nc5 19. Bxf6 Rxf6 20. Nxa8 Bxf5 21. exf5 Qd8 22. Nb6 1-0

[Event "EU-ch U14 30th"]
[Site "Antalya"]
[Date "2022.11.10"]
[Round "5"]
[White "Sakmak, Kutay"]
[Black "Ipek, Egehan"]
[Result "1-0"]
[WhiteElo "1830"]
[BlackElo "2048"]
[PlyCount "53"]
[EventDate "2022.11.06"]
[EventType "swiss"]
[EventRounds "9"]
[EventCountry "TUR"]
[SourceTitle "EXT 2024"]
[Source "ChessBase"]
[SourceDate "2023.10.10"]
[SourceVersion "1"]
[SourceVersionDate "2023.10.10"]
[SourceQuality "1"]

1. e4 c6 2. d4 d5 3. e5 c5 4. dxc5 Nc6 5. Nf3 Bg4 6. Be2 e6 7. Bf4 Bxc5 8. Nbd2 Nge7 9. 0-0 Ng6 10. Bg3 0-0 11. Re1 h5 12. h3 Bxf3 13. Nxf3 h4 14. Bh2 Qb6 15. Rf1 Nd4 16. Bd3 Nxf3+ 17. Qxf3 Qxb2 18. Qh5 Qb6 19. Rab1 Qc7 20. Kh1 Rfe8 21. f4 Qe7 22. f5 exf5 23. Rxf5 Qe6 24. Rxf7 Nf8 25. Rbf1 Qh6 26. Qg4 Re6 27. Bf5 1-0

[Event "EU-ch Schools U13"]
[Site "Rhodes"]
[Date "2022.04.28"]
[Round "8"]
[White "Tabatadze, Erekle"]
[Black "Sakmak, Kutay"]
[Result "1-0"]
[WhiteElo "1557"]
[BlackElo "1718"]
[PlyCount "61"]
[EventDate "2022.04.21"]
[EventType "swiss"]
[EventRounds "9"]
[EventCountry "GRE"]
[SourceTitle "CBM 208 Extra"]
[Source "ChessBase"]
[SourceDate "2022.07.31"]
[SourceVersion "1"]
[SourceVersionDate "2022.07.31"]
[SourceQuality "1"]

1. d4 Nf6 2. c4 e6 3. Nc3 Bb4 4. e3 b6 5. Bd3 Bb7 6. Nf3 0-0 7. 0-0 d5 8. cxd5 exd5 9. Qe2 Re8 10. Bd2 Bf8 11. Ne5 c5 12. Rac1 Nc6 13. Nxc6 Bxc6 14. dxc5 d4 15. Nb5 bxc5 16. Nxd4 Bxg2 17. Kxg2 cxd4 18. e4 Rb8 19. b3 h6 20. Rc6 Bb4 21. Bf4 Rb7 22. Qf3 Nh7 23. Kh1 Rb6 24. Rc4 Bd6 25. e5 Bxe5 26. Bxh7+ Kxh7 27. Qe4+ Kh8 28. Bxe5 f6 29. Bc7 Qd7 30. Rxd4 Qc8 31. Qxe8+ 1-0

[Event "EU-ch Schools U13"]
[Site "Rhodes"]
[Date "2022.04.27"]
[Round "7"]
[White "Sakmak, Kutay"]
[Black "Hobson, Kenneth"]
[Result "1-0"]
[WhiteElo "1718"]
[BlackElo "1674"]
[PlyCount "143"]
[EventDate "2022.04.21"]
[EventType "swiss"]
[EventRounds "9"]
[EventCountry "GRE"]
[SourceTitle "CBM 208 Extra"]
[Source "ChessBase"]
[SourceDate "2022.07.31"]
[SourceVersion "1"]
[SourceVersionDate "2022.07.31"]
[SourceQuality "1"]

1. e4 e5 2. Nc3 Nf6 3. g3 d5 4. exd5 Nxd5 5. Bg2 Nxc3 6. bxc3 Nc6 7. Nf3 Bc5 8. 0-0 0-0 9. Re1 Bb6 10. Qe2 Re8 11. d3 Bg4 12. Qe4 Qd7 13. Bb2 Bf5 14. Qa4 Rad8 15. Nd2 Bh3 16. Bf3 f6 17. Qh4 Be6 18. Nb3 a5 19. Bg2 Ne7 20. Nd2 Ng6 21. Qe4 c6 22. a4 f5 23. Qe2 Bd5 24. c4 Bxg2 25. Kxg2 e4 26. Nb3 exd3 27. Qxd3 Qf7 28. Qc3 f4 29. c5 Bc7 30. Rad1 fxg3 31. hxg3 Rxd1 32. Rxe8+ Nf8 33. Re4 Rd7 34. Qf3 Ne6 35. Qe3 Nf8 36. Nd4 h6 37. Nf3 Ng6 38. Rg4 Re7 39. Qd4 Be5 40. Nxe5 Nxe5 41. Rf4 Qd5+ 42. Qxd5+ cxd5 43. Rf5 Nc4 44. Bd4 Rd7 45. g4 Na3 46. c3 Nc4 47. Kg3 Nb2 48. Re5 Kf7 49. Re2 Nc4 50. f4 Rc7 51. f5 Rc6 52. Kf4 b6 53. cxb6 Nxb6 54. Re6 g5+ 55. Kf3 Rc4 56. Rxb6 Rxa4 57. Rxh6 Ra1 58. Rf6+ Ke7 59. Ra6 Rf1+ 60. Kg3 a4 61. Rxa4 Rd1 62. f6+ Ke6 63. Ra6+ Kf7 64. Ra7+ Kg6 65. Kg2 Rd2+ 66. Kf1 Rd1+ 67. Ke2 Rb1 68. Rg7+ Kh6 69. Re7 Kg6 70. f7 Rb2+ 71. Kd3 Ra2 72. f8N+ 1-0

[Event "EU-ch Schools U13"]
[Site "Rhodes"]
[Date "2022.04.21"]
[Round "1"]
[White "Frydel, Marcel Karol"]
[Black "Sakmak, Kutay"]
[Result "0-1"]
[WhiteElo "1223"]
[BlackElo "1718"]
[PlyCount "100"]
[EventDate "2022.04.21"]
[EventType "swiss"]
[EventRounds "9"]
[EventCountry "GRE"]
[SourceTitle "CBM 208 Extra"]
[Source "ChessBase"]
[SourceDate "2022.07.31"]
[SourceVersion "1"]
[SourceVersionDate "2022.07.31"]
[SourceQuality "1"]

1. e4 c5 2. d4 cxd4 3. c3 Nf6 4. e5 Nd5 5. cxd4 d6 6. Bc4 Nb6 7. Qb3 Nxc4 8. Qxc4 Nc6 9. Nf3 d5 10. Qd3 g6 11. Nc3 Bg7 12. h3 0-0 13. 0-0 a6 14. a3 Bf5 15. Qe2 Rc8 16. Bf4 b5 17. b4 Nxe5 18. Bxe5 Rxc3 19. Rfc1 Qc8 20. Qe1 Rxc1 21. Rxc1 Qe6 22. Bxg7 Kxg7 23. Qxe6 Bxe6 24. Ng5 Bf5 25. g4 Rc8 26. Re1 h6 27. gxf5 hxg5 28. Rxe7 Rc3 29. fxg6 Kxg6 30. Re3 Rxe3 31. fxe3 Kf5 32. Kf2 Ke4 33. Kg3 f5 34. Kf2 Kd3 35. Kf3 g4+ 36. hxg4 fxg4+ 37. Kxg4 Kxe3 38. Kf5 Kxd4 39. Ke6 Kc4 40. Kd6 d4 41. Kc6 d3 42. a4 Kxb4 43. axb5 axb5 44. Kb6 d2 45. Ka6 d1Q 46. Kb6 Qd6+ 47. Ka7 Ka5 48. Ka8 Qd7 49. Kb8 Kb6 50. Ka8 Qd8# 0-1

[Event "Mersin op 5th"]
[Site "Mersin"]
[Date "2021.11.18"]
[Round "5"]
[White "Sakmak, Kutay"]
[Black "Karadag, Eflatun Cem"]
[Result "0-1"]
[WhiteElo "1778"]
[BlackElo "1842"]
[PlyCount "76"]
[EventDate "2021.11.16"]
[EventType "swiss"]
[EventRounds "9"]
[EventCountry "TUR"]
[SourceTitle "EXT 2023"]
[Source "ChessBase"]
[SourceDate "2022.10.05"]
[SourceVersion "1"]
[SourceVersionDate "2022.10.05"]
[SourceQuality "1"]

1. e4 d6 2. d4 Nf6 3. Nc3 e5 4. Nf3 exd4 5. Qxd4 Be7 6. Bg5 h6 7. Bh4 Nc6 8. Bb5 Bd7 9. Bxc6 Bxc6 10. 0-0-0 Nh5 11. Bxe7 Qxe7 12. g4 Nf6 13. g5 hxg5 14. Nd5 Bxd5 15. exd5 0-0 16. Rhe1 Qd7 17. Nxg5 Rfe8 18. Qd3 Rxe1 19. Rxe1 Re8 20. Ne4 Kf8 21. Re3 Nxe4 22. Rxe4 Rxe4 23. Qxe4 Qe7 24. Qxe7+ Kxe7 25. Kd2 Kf6 26. Ke3 Kg5 27. f3 Kh4 28. Kf2 Kh3 29. Kg1 b5 30. c3 g5 31. b3 f5 32. a4 bxa4 33. bxa4 g4 34. fxg4 fxg4 35. Kh1 g3 36. hxg3 Kxg3 37. Kg1 Kf3 38. Kh2 Ke4 0-1